Horizontes [dvd] : ciencias naturales ii :
Guardado en:
| Formato: | Libro |
|---|---|
| Publicado: |
Buenos Aires :
Canal Encuentro, s/f.
|
| Materias: | |
| Etiquetas: |
Agregar Etiqueta
Sin Etiquetas, Sea el primero en etiquetar este registro!
|
| LEADER | 01818nam a22001695a 4500 | ||
|---|---|---|---|
| 001 | CEM.cems018065 | ||
| 005 | 20130910103800.0 | ||
| 008 | 130507b######################000#0#####d | ||
| 003 | CEMS | ||
| 082 | 0 | 4 | |a DVD570 |
| 245 | 0 | 0 | |a Horizontes [dvd] : |b ciencias naturales ii : |
| 260 | |a Buenos Aires : |b Canal Encuentro, s/f. | ||
| 300 | |a 1 DVD | ||
| 500 | |a La naturaleza está a nuestro alcance. Hacemos uso de sus recursos, disfrutamos sus paisajes, habitamos sus ambientes. Podemos enriquecer esa experiencia al comprender sus fenómenos, sus leyes y sus enigmas. Una propuesta con la teoría y la práctica justa para aprender y apreciar cada día mejor las fuentes de energía, los ecosistemas, el cuerpo humano, los fósiles, los microorganismos, el sistema solar, la Luna, los cambios climáticos, los instrumentos que utilizan los científicos para acercarse al conocimiento y todos los temas que interesan en Ciencias naturales.emitido por Canal Encuentro | ||
| 505 | 0 | |a El sonido y los instrumentos musicales -- Rozamiento -- Energía, trabajo y potencia -- Ondas electromagnéticas -- Minería y ambiente -- Las plantas en el reciclaje de la naturaleza --- ADN: análisis genéticos y determinación de la identidad -- La herencia biológica -- Hormona, fertilidad humana y planificación familiar -- El origen de la vida -- Energía nuclear -- Reacciones químicas peligrosas para el ambiente -- Linus Pauling, un cientifíco de enlaces: Nobel de Química y de la Paz -- Vacunas y sustancias que afectan al sistema nervioso -- La electricidad y los circuitos eléctricos -- Las fuerzas que mueven las naves espaciales -- Electromagnetismo y máquinas -- Actividad física y deportes -- El magnetismo terrestre | |
| 653 | |a Ciencias naturales | ||
| 859 | |a CEMS |b BIB. CEMS - Agricultura |h DVD570 |i Ar37-1 |p A0040.013 |t Ej.1 |v II |3 II | ||
